000
00313nam a2200121Ia 4500
008
191201s2019 xx 000 0 und d
100
_a
SHARMA, S C
245
0
_a
Materials Management and Materials Handling
260
_a
N.Delhi
_b
Khanna Publisher
_c
379
300
_a
1997
650
_a
B.Tech(ME)
942
_2
ddc
_c
BK
999
_c
2458
_d
2458